Sports Quiz

Random Sports or MLB Quiz

MLB 500 HR & 3000 Hit Club Quiz Stats

 Plays Quiz Updated Oct 3, 2019

Score 0/6 Timer 01:00
7 Plays Today
Players % Correct
Hank Aaron
90.6%
Willie Mays
82%
Alex Rodriguez
73.2%
Albert Pujols
57.8%
Eddie Murray
47.7%
Rafael Palmeiro
46.2%

You're not logged in!

Compare scores with friends on all Sporcle quizzes.
OR
Log In

Sporcle TV

Today on Sporcle TV


Watch our educational content, quiz creation guides, and fun videos on Sporcle TV.

Show Comments

Extras

Top Quizzes Today


Score Distribution

Your Account Isn't Verified!

In order to create a playlist on Sporcle, you need to verify the email address you used during registration. Go to your Sporcle Settings to finish the process.

Report this User

Report this user for behavior that violates our Community Guidelines.

Details: